Guyton and Hall textbook of medical physiology / (Record no. 79925)
[ view plain ]
| 000 -LEADER | |
|---|---|
| fixed length control field | 00975nam a2200277 a 4500 |
| 001 - CONTROL NUMBER | |
| control field | 79925 |
| 003 - CONTROL NUMBER IDENTIFIER | |
| rucl marc code | BD-RjUL |
| 005 - DATE AND TIME OF LATEST TRANSACTION | |
| control field | 20220606154307.0 |
| 008 - FIXED-LENGTH DATA ELEMENTS--GENERAL INFORMATION | |
| fixed length control field | 220606t20202021paua b 001|0 eng|d |
| 020 ## - INTERNATIONAL STANDARD BOOK NUMBER | |
| International Standard Book Number | 9780323597128 |
| Qualifying information | hardback |
| 035 ## - SYSTEM CONTROL NUMBER | |
| System control number | (BD-RjUL)79925 |
| 040 ## - CATALOGING SOURCE | |
| Original cataloging agency | StDuBDS |
| Language of cataloging | eng |
| Description conventions | rda |
| Transcribing agency | StDuBDS |
| Modifying agency | UkOxU |
| -- | BD-RjUL |
| 041 ## - LANGUAGE CODE | |
| Language code of text/sound track or separate title | eng |
| 082 04 - DEWEY DECIMAL CLASSIFICATION NUMBER | |
| Edition number | 23 |
| Classification number | 612 |
| Author mark and year | HAG 2021 |
| 100 1# - MAIN ENTRY--PERSONAL NAME | |
| Personal name | Hall, John E. |
| Fuller form of name | (John Edward), |
| Dates associated with a name | 1946- |
| Relator term | author. |
| 9 (RLIN) | 3451 |
| 245 10 - TITLE STATEMENT | |
| Title | Guyton and Hall textbook of medical physiology / |
| Statement of responsibility, etc. | John E. Hall; Michael E. Hall |
| 246 30 - VARYING FORM OF TITLE | |
| Title proper/short title | Textbook of medical physiology |
| 250 ## - EDITION STATEMENT | |
| Edition statement | 14th edition. |
| 264 #1 - PRODUCTION, PUBLICATION, DISTRIBUTION, MANUFACTURE, AND COPYRIGHT NOTICE | |
| Place of production, publication, distribution, manufacture | Philadelphia, PA; |
| -- | Delhi : |
| Name of producer, publisher, distributor, manufacturer | Elsevier RELX India Pvt. Ltd., |
| Date of production, publication, distribution, manufacture, or copyright notice | ©2021 |
| 300 ## - PHYSICAL DESCRIPTION | |
| Pagination | xxxi, 1011pages: |
| Illustrations | illustrations (colour) ; |
| Size | 29 cm. |
| 504 ## - BIBLIOGRAPHY, ETC. NOTE | |
| Bibliography, etc | Includes bibliographical references and index. |
| 650 #0 - SUBJECT ADDED ENTRY--TOPICAL TERM | |
| Topical term or geographic name as entry element | Human physiology. |
| 9 (RLIN) | 3432 |
| 700 1# - ADDED ENTRY--PERSONAL NAME | |
| Personal name | Hall, M. E. |
| Fuller form of name | (Michael E.), |
| Relator term | author. |
| Personal name | Guyton, Arthur C. |
| 942 ## - ADDED ENTRY ELEMENTS (KOHA) | |
| Source of classification or shelving scheme | Dewey Decimal Classification |
| Koha item type | Books |
| Lost status | Source of classification or shelving scheme | Damaged status | Not for loan | Collection code | Permanent Location | Current Location | Shelving location | Date acquired | Source of acquisition | Cost, normal purchase price | Total Checkouts | Full call number | Date last seen | Copy number | Koha item type |
|---|---|---|---|---|---|---|---|---|---|---|---|---|---|---|---|
| Dewey Decimal Classification | Not For Loan | Non-fiction | Central Library, University of Rajshahi | Central Library, University of Rajshahi | Reading Room | 01/06/2022 | Dhaka: BM Book | 8325.00 | 612 HAG 2021 | 06/06/2022 | C-1 | Books |